| 000 | 00981cab a2200301 4500 | ||
|---|---|---|---|
| 001 | WB3247-30 | ||
| 008 | 090401t1996 xxu||||| |||| 00| 0 eng d | ||
| 035 | _a(Sirsi) u69422 | ||
| 041 | _aeng | ||
| 245 | _aNuisance | ||
| 260 | _c1996 | ||
| 350 | _a0 | ||
| 490 |
_aEstates Gazette Case Summaries _v[1996] EGCS 190 (7/12/96) |
||
| 520 | _a"Blue Circle Industries plc v MoD" ChD 26 November 1996. The MoD is liable under the Nuclear Installation Act 1965 to compensate a neighbouring landowner for loss of sale caused by escape of radioactive substances. | ||
| 650 | _aBLUE CIRCLE INDUSTRIES PLC V MOD | ||
| 650 | _aCOMPENSATION | ||
| 650 | _aCONTAMINATED LAND | ||
| 650 | _aDAMAGE TO PROPERTY | ||
| 650 | _aLIABILITY | ||
| 650 | _aLOSS OF SALE | ||
| 650 | _aMEASURE OF DAMAGES | ||
| 650 | _aNUCLEAR INSTALLATION ACT 1965 | ||
| 650 | _aPROPERTY SALES | ||
| 650 | _aRADIOACTIVE CONTAMINATION | ||
| 690 | _aLAND-CASE LAW | ||
| 942 | _n0 | ||
| 948 | _c04/03/1997 | ||
| 999 |
_c43601 _d43601 |
||